فهرست المجلد الثالث من شرح راموز الاحاديث المسمى بلوامع العقول

محفوظ في:

التنسيق: كتاب

اللغة: Undetermined

منشور في: Al-Qāhirah matbaeat aleamira 1875

الوسوم: إضافة وسم

لا توجد وسوم, كن أول من يضع وسما على هذه التسجيلة!

رقم الطلب: (R)O35 KAMS

LEADER 00373nam a2200109Ia 4500
008 240404s9999||||xx |||||||||||||| ||und||
050 4 |a (R)O35 KAMS 
245 1 0 |a فهرست المجلد الثالث من شرح راموز الاحاديث المسمى بلوامع العقول 
264 1 |a Al-Qāhirah  |b matbaeat aleamira  |c 1875 
300 |a Volumes  |c 24 
942 |2 lcc  |c BK 
999 |c 58156  |d 58156